<?xml version="1.0" encoding="UTF-8"?>
<record
    xmlns:xsi="http://www.w3.org/2001/XMLSchema-instance"
    xsi:schemaLocation="http://www.loc.gov/MARC21/slim http://www.loc.gov/standards/marcxml/schema/MARC21slim.xsd"
    xmlns="http://www.loc.gov/MARC21/slim">

  <leader>00807nam a22001937a 4500</leader>
  <controlfield tag="005">20231212164857.0</controlfield>
  <datafield tag="010" ind1=" " ind2=" ">
    <subfield code="a">HIN-126546</subfield>
  </datafield>
  <datafield tag="020" ind1=" " ind2=" ">
    <subfield code="a">8188521493</subfield>
    <subfield code="c">400.00</subfield>
  </datafield>
  <datafield tag="035" ind1=" " ind2=" ">
    <subfield code="a">HN-98892</subfield>
  </datafield>
  <datafield tag="037" ind1=" " ind2=" ">
    <subfield code="b">DBAD/PUB</subfield>
  </datafield>
  <datafield tag="082" ind1=" " ind2=" ">
    <subfield code="a">615.88</subfield>
  </datafield>
  <datafield tag="100" ind1=" " ind2=" ">
    <subfield code="a">&#x936;&#x941;&#x915;&#x94D;&#x932;,&#x936;&#x924;&#x94D;&#x930;&#x941;&#x918;&#x94D;&#x928;&#x932;&#x93E;&#x932; </subfield>
    <subfield code="9">59839</subfield>
  </datafield>
  <datafield tag="245" ind1=" " ind2=" ">
    <subfield code="a">&#x938;&#x941;&#x932;&#x92D; &#x918;&#x930;&#x947;&#x932;&#x941; &#x928;&#x941;&#x938;&#x94D;&#x916;&#x947;/</subfield>
    <subfield code="c">&#x936;&#x924;&#x94D;&#x930;&#x941;&#x918;&#x94D;&#x928;&#x932;&#x93E;&#x932; &#x936;&#x941;&#x915;&#x94D;&#x932;</subfield>
  </datafield>
  <datafield tag="260" ind1=" " ind2=" ">
    <subfield code="a">&#x92E;&#x925;&#x941;&#x930;&#x93E; </subfield>
    <subfield code="b">&#x939;&#x93F;&#x902;&#x926;&#x940; &#x938;&#x947;&#x935;&#x93E; &#x938;&#x926;&#x928; </subfield>
    <subfield code="c">2020  </subfield>
  </datafield>
  <datafield tag="270" ind1=" " ind2=" ">
    <subfield code="a">&#x939;&#x93E;&#x932;&#x928;&#x917;&#x902;&#x91C;  &#x91F;&#x94D;&#x930;&#x93E;&#x902;&#x938;&#x92B;&#x93E;&#x930;&#x94D;&#x92E;&#x930; &#x915;&#x947; &#x938;&#x93E;&#x92E;&#x928;&#x947; </subfield>
    <subfield code="b">&#x92E;&#x925;&#x941;&#x930;&#x93E; </subfield>
    <subfield code="e">281001</subfield>
  </datafield>
  <datafield tag="300" ind1=" " ind2=" ">
    <subfield code="a">175 &#x92A;&#x943;&#x937;&#x94D;&#x920;;</subfield>
    <subfield code="c">19cm (&#x938;&#x91C;&#x93F;&#x932;&#x94D;&#x926;) </subfield>
  </datafield>
  <datafield tag="700" ind1=" " ind2=" ">
    <subfield code="e">&#x905;&#x928;&#x94D;&#x92F; &#x932;&#x947;&#x916;&#x915; </subfield>
    <subfield code="9">59828</subfield>
  </datafield>
  <datafield tag="942" ind1=" " ind2=" ">
    <subfield code="c">HN</subfield>
    <subfield code="h">615.88</subfield>
    <subfield code="2">ddc</subfield>
    <subfield code="m">&#x936;&#x941;&#x915;&#x94D;&#x932;&#x936;</subfield>
  </datafield>
  <datafield tag="999" ind1=" " ind2=" ">
    <subfield code="c">199640</subfield>
    <subfield code="d">199640</subfield>
  </datafield>
  <datafield tag="952" ind1=" " ind2=" ">
    <subfield code="0">0</subfield>
    <subfield code="1">0</subfield>
    <subfield code="4">0</subfield>
    <subfield code="7">0</subfield>
    <subfield code="8">NFIC</subfield>
    <subfield code="a">AV</subfield>
    <subfield code="b">AV</subfield>
    <subfield code="d">2023-12-12</subfield>
    <subfield code="e">DBAD/PUB</subfield>
    <subfield code="g">400.00</subfield>
    <subfield code="l">0</subfield>
    <subfield code="o">615.88 &#x936;&#x941;&#x915;&#x94D;&#x932;&#x936;</subfield>
    <subfield code="p">HN-98892</subfield>
    <subfield code="r">2023-12-12 00:00:00</subfield>
    <subfield code="t">1</subfield>
    <subfield code="v">400.00</subfield>
    <subfield code="w">2023-12-12</subfield>
    <subfield code="y">HN</subfield>
  </datafield>
</record>
